| 000 | 00000nam##2200000za#4500 |
| 001 | 9.601273 |
| 003 | CaOODSP |
| 005 | 20220623094113 |
| 007 | cr ||||||||||| |
| 008 | 150406|2001||||xxc|||||o f|0| 0 fre|d |
| 040 | |aCaOODSP|bfre |
| 043 | |an-cn--- |
| 086 | 1 |aC21-23/27-2001F-PDF |
| 110 | 1 |aCanada. |bIndustrie Canada. |
| 245 | 13|aLa localisation des activités à plus grande valeur ajoutée : |h[ressource électronique]|bdocument hors série n° 27, avril 2001 / |cpar Steven Globerman. |
| 260 | |aOttawa - Ontario : |bIndustrie Canada |cAvril 2001. |
| 300 | |a61p. |
| 490 | 1 |aDocument hors série|vN° 27 |
| 500 | |aLe n° de catalogue (C21-23/27-2001) et l'ISBN (0-662-65764-0) de l'édition imprimée bilingue ont été incorrectement copiés dans l'édition électronique. |
| 504 | |aBibliographie. |
| 590 | |a11-09-Supp|b2011-06-30 |
| 720 | 1 |aGloberman, Steven |
| 775 | 08|tThe location of higher value-added activities : |w(CaOODSP)9.570626 |
| 776 | 0#|tLa localisation des activités à plus grande valeur ajoutée / |w(CaOODSP)9.535131 |
| 776 | 0#|tThe location of higher value-added activities / |w(CaOODSP)9.535130 |
| 830 | #0|aDocument hors série (Canada. Industrie Canada)|vN° 27|w(CaOODSP)9.501162 |
| 856 | 40|ahttp://publications.gc.ca|qPDF|s177 Ko|uhttps://publications.gc.ca/collections/Collection/C21-23-27-2001F.pdf|yN° 27 |